[Event "Havana Gilberto Garcia Memorial-C"]
[Site "Havana"]
[Date "2024.03.03"]
[Round "7"]
[White "Rodriguez Hernandez, Jose Angel"]
[Black "Morales Mora, Kendry Daniel"]
[Result "1/2-1/2"]
[WhiteElo "2011"]
[BlackElo "2091"]
[PlyCount "119"]
[EventDate "2024.02.24"]
[EventType "tourn"]
[EventRounds "9"]
[EventCountry "CUB"]
[SourceTitle "CBM 219 Extra"]
[Source "ChessBase"]
[SourceDate "2024.05.31"]
[SourceVersion "1"]
[SourceVersionDate "2024.05.31"]
[SourceQuality "1"]

1. d4 Nf6 2. c4 g6 3. Nc3 Bg7 4. e4 d6 5. f4 0-0 6. Nf3 c5 7. d5 e6 8. dxe6 fxe6 9. Be2 Nc6 10. 0-0 b6 11. f5 exf5 12. exf5 Bxf5 13. Bf4 Re8 14. Bd3 Bg4 15. h3 Bxf3 16. Qxf3 Nd4 17. Qf2 Qd7 18. Bg5 Rf8 19. Qh4 Nf5 20. Bxf5 gxf5 21. Rad1 Rae8 22. Bh6 Bxh6 23. Qxh6 Kh8 24. Qf4 Ne4 25. Nxe4 fxe4 26. Rxd6 Qg7 27. Rf6 Rg8 28. Qf2 e3 29. Qe2 Re7 30. R6f3 Qg5 31. Kh1 Rd8 32. Rf8+ Rxf8 33. Rxf8+ Kg7 34. Rf3 Qe5 35. b3 a6 36. Rf1 h5 37. Rf3 b5 38. Kg1 bxc4 39. bxc4 a5 40. Kh1 a4 41. Kg1 a3 42. Kh1 Kg8 43. Kg1 Kg7 44. Kh1 Qa1+ 45. Kh2 Qe5+ 46. Kh1 Qg5 47. Rf1 Re5 48. Qf3 Qe7 49. Qe2 Kh6 50. Kg1 Re4 51. Rb1 Qf7 52. Rc1 Qe6 53. Rc3 Qe5 54. Rxa3 Qa1+ 55. Qf1 Qxf1+ 56. Kxf1 Rxc4 57. Rxe3 Kg5 58. Kf2 Rc2+ 59. Re2 Rc3 60. a4 1/2-1/2

[Event "Capablanca Memorial U15 2nd"]
[Site "Havana"]
[Date "2018.05.14"]
[Round "2"]
[White "Morales Mora, Kendry Daniel"]
[Black "Dominguez Mora, Alejandro"]
[Result "1-0"]
[WhiteElo "1752"]
[BlackElo "2028"]
[PlyCount "79"]
[EventDate "2018.05.14"]
[EventType "swiss"]
[EventRounds "7"]
[EventCountry "CUB"]
[SourceTitle "EXT 2021"]
[Source "ChessBase"]
[SourceDate "2020.10.23"]
[SourceVersion "1"]
[SourceVersionDate "2020.10.23"]
[SourceQuality "1"]

1. e4 e5 2. Nf3 Nc6 3. Bb5 a6 4. Ba4 Nf6 5. Qe2 b5 6. Bb3 Be7 7. c3 d6 8. 0-0 0-0 9. Rd1 Na5 10. Bc2 c5 11. d4 Qc7 12. d5 Nb7 13. Nbd2 c4 14. a4 Bd7 15. Nf1 Nc5 16. N1d2 Rfb8 17. Nh4 g6 18. Nhf3 Rc8 19. Nf1 Qd8 20. Ng3 bxa4 21. Bh6 Nb3 22. Bxb3 axb3 23. Nd2 Bb5 24. Rf1 Bf8 25. Bg5 h6 26. Be3 Bg7 27. f4 Nd7 28. f5 Nf6 29. fxg6 fxg6 30. h4 Qc7 31. Bxh6 Bxh6 32. Rxf6 Kg7 33. Raf1 Rf8 34. Qg4 Rxf6 35. Nh5+ Kh7 36. Nxf6+ Kg7 37. Nf3 Kxf6 38. Ng5+ Kg7 39. Ne6+ Kh7 40. Nxc7 1-0